00629cam a2200217 i 45000010009000000050017000090080041000260200018000670400013000850820019000981000022001172450106001392500013002452600029002583000019002876500013003066500022003196500018003417000025003597000027003841788695020211209095646.0130912s2015 mau b 001 0 eng  a9781292074870 cPK-LaUMT00a612223bMAR-F1 aMartini, Frederic10aFundamentals of anatomy & physiology /cby Frederic H. Martini, Judi L. Nath and Edwin F. Bartholomew a10th ed. aBoston :bPearson,c2015 a1262 p.c29 cm12aAnatomy.22aHuman Physiology.22aHuman anatomy1 aNath, Judi Lindsley,1 aBartholomew, Edwin F.,